Quiz o Otwocku - Statystyki

Ogólne statystyki
  • Ten quiz został rozwiązany 22 razy
  • Średni wynik to 8 z 15
Statystyki odpowiedzi
Wskazówka Odpowiedź % Poprawnych
Województwo, w którym leży Mazowieckie
94%
Rzeka przepływająca przez miasto Świder
94%
Tablice rejestracyjne WOT
94%
Zabór, do którego przynależał Otwock Rosyjski
78%
Województwo, w którym leżał w latach 1975-1998 Warszawskie
78%
Prezydent miasta Jarosław Margielski
72%
Naród, który stanowił większość populacji miasta przez 1939 Żydzi
67%
Region historyczny, na którym położone jest miasto Mazowsze
50%
Nazwa lokalnego klubu sportowego OKS {Start} Otwock
44%
Rok uzyskania praw miejskich 1916
39%
Nazwa dzielnicy miasta, w której uruchomiono pierwszy w Polsce reaktor jądrowy Świerk
39%
Funkcja, jaką pełnił Otwock w latach 1924-1967 Uzdrowisko
39%
Droga krajowa przebiegająca przez miasto 17
28%
Nazwa linii kolejowej, która przebiegała przez Otwock Kolej {Nadwiślańska}
17%
Nazwa wyżej wspomnianego reaktora EWA
6%
Nie znaleziono quizów pasujących do podanych kryteriów
Rozkład punktacji
Procent ludzi z każdym wynikiem
Percentyl według liczby udzielonych odpowiedzi
Twoja historia wyników
Nie rozwiązałeś tego quizu